[Event "POL-chT 2nd League-3 2020"]
[Site "Poronin"]
[Date "2020.09.10"]
[Round "6.11"]
[White "Szajda, Marcin"]
[Black "Suliborski, Jakub"]
[Result "1/2-1/2"]
[WhiteElo "1942"]
[BlackElo "2114"]
[Annotator "TA"]
[PlyCount "106"]
[EventDate "2020.09.05"]
[EventType "team-tourn"]
[EventCountry "POL"]
[SourceTitle "playchess.com"]
[Source "ChessBase"]
[SourceQuality "1"]

{[%evp 22,106,29,-10,0,-63,-70,-84,54,51,62,-21,25,-80,0,-37,-25,-20,-19,-14,-15,-10,-8,-17,0,0,0,0,0,0,0,0,0,-13,0,-20,25,0,0,-39,0,0,41,30,82,83,135,126,133,72,73,74,68,44,45,68,43,30,33,0,0,0,0,0,0,-3,-3,-3,-6,-13,-13,-13,-14,-991,-768,-1008,-948,-821,-807,-716,-766,-753,-583,-605,-576,-256,0]} 1. e4 c5 2. Nf3 Nc6 3. d4 cxd4 4. Nxd4 g6 5. Nc3 Bg7 6. Be3 Nf6 7. f3 O-O 8. Bc4 Na5 9. Bb3 d6 10. Qd2 Bd7 11. O-O-O Nxb3+ 12. Nxb3 a5 {B78: Sicilian Dragon: Yugoslav Attack, 9 Bc4 Bd7 10 0-0-0 Rc8.} 13. Bh6 (13. Nd4 $11) 13... a4 $15 14. Nd4 {[#]} Qa5 $146 (14... a3 $17 {Strongly threatening ...Bxh6.} 15. b3 Bxh6 16. Qxh6 Qc7) ({Predecessor:} 14... a3 15. b3 Bxh6 16. Qxh6 Qa5 17. Nde2 Rfc8 18. Nd5 Nxd5 19. Rxd5 Rc5 20. Rhd1 Be6 21. Nf4 Bxd5 22. Nxd5 Rxd5 23. Rxd5 Qc3 {0-1 (23) Kappes,D (2125)-Kuzenkov,A (2315) ICCF corr 1991}) 15. Bxg7 $14 Kxg7 16. h4 (16. a3 $1 $14) 16... Rfc8 17. Nde2 {[#]} (17. a3 $11) 17... h5 (17... b5 $1 $17 18. Kb1 b4) 18. Kb1 b5 19. Nd5 {Threatens to win with Qxa5.} Nxd5 20. Qxa5 Rxa5 21. Rxd5 Be6 22. Rd2 b4 23. Nf4 Rac5 24. Nd3 Rb5 25. Nf4 Rbc5 26. Nd3 Rb5 27. Nf4 Kf6 28. Rhd1 Rcc5 29. Nd3 $36 {[%mdl 2048] White fights for an advantage.} Rc8 30. Nf4 g5 31. hxg5+ Rxg5 32. Rh1 Rcc5 (32... Rh8 $11 {remains equal.}) 33. b3 $16 a3 ({Black should play} 33... Kg7) 34. Kc1 Rg8 35. Rxh5 (35. Nxh5+ $142 Ke5 36. Rh4) 35... Rxh5 36. Nxh5+ {[%mdl 4096] Endgame KRB-KRN} Ke5 37. g4 Rc8 38. Kd1 Rc3 39. Ke2 d5 $1 40. Ng3 Bxg4 {[%mdl 64] Pin} 41. Rxd5+ Kf4 $1 42. fxg4 {Black must now prevent Nh1.} Rxg3 $11 {KR-KR} 43. Rf5+ Kxe4 {...f6 is the strong threat.} 44. Rxf7 e5 {aiming for ...Rg2+.} 45. Rc7 Rg2+ 46. Kf1 $1 {[%cal Rf1g2]} Rxg4 {Hoping for ...Ke3.} 47. c4 $2 {[%mdl 8192] Now White is beyond hope.} (47. Kf2 $11) 47... Rh4 48. Kg1 Rg4+ 49. Kf2 Rf4+ 50. Ke2 Rh4 51. Rf7 Rh1 52. Rf1 Rh2+ 53. Rf2 {[#]} Rh1 $2 {Accuracy: White = 61%, Black = 67%.} ({Black should try} 53... Rh3 $1 $19 54. Rf6 Kd4) 1/2-1/2

[Event "POL-chT 2nd League-3 2020"]
[Site "Poronin"]
[Date "2020.09.10"]
[Round "6.12"]
[White "Rykala, Monika"]
[Black "Chmiel, Dominika"]
[Result "1-0"]
[WhiteElo "1877"]
[BlackElo "2023"]
[Annotator "RC"]
[PlyCount "97"]
[EventDate "2020.09.05"]
[EventType "team-tourn"]
[EventCountry "POL"]
[SourceTitle "playchess.com"]
[Source "ChessBase"]
[SourceQuality "1"]
[TimeControl "40/5400+30:900+30"]

1. d4 {[%emt 0:00:00]} Nf6 {[%emt 0:00:00]} 2. c4 {[%emt 0:00:00]} g6 {[%emt 0:00:00]} 3. Nc3 {[%emt 0:00:00]} Bg7 {[%emt 0:00:03]} 4. e4 {[%emt 0:00:00]} d6 {[%emt 0:00:06]} 5. Nf3 {[%emt 0:00:00]} O-O {[%emt 0:00:12]} 6. Be2 {[%emt 0:00:00]} Nc6 {[%emt 0:00:57]} 7. d5 {[%emt 0:00:59]} Ne5 {[%emt 0:00:16]} 8. Nxe5 {[%emt 0:02:44]} dxe5 {[%emt 0:00:06]} 9. O-O {[%emt 0:01:14]} Ne8 {[%emt 0:01:34]} 10. Kh1 {[%emt 0:05:38]} f5 {[%emt 0:04:34]} 11. f4 {[%emt 0:06:10]} exf4 {[%emt 0:10:49]} 12. exf5 {[%emt 0:01:28]} Bxf5 {[%emt 0:02:41]} 13. Bxf4 {[%emt 0:02:09]} e5 {[%emt 0:01:29]} 14. Be3 {[%emt 0:01:55]} Nd6 {[%emt 0:11:07]} 15. Qd2 {[%emt 0:05:23]} Qh4 16. Qe1 {[%emt 0:08:52]} Qe7 {[%emt 0:22:57]} 17. Rd1 {[%emt 0:08:01]} b6 {[%emt 0:13:06]} 18. Qd2 {[%emt 0:07:13]} Rf7 {[%emt 0:09:03]} 19. a3 {[%emt 0:02:17]} a5 {[%emt 0:00:32]} 20. b4 {[%emt 0:05:22]} axb4 {[%emt 0:00:40]} 21. axb4 {[%emt 0:00:00]} Nb7 {[%emt 0:10:39]} 22. Nb5 {[%emt 0:02:39]} Ra4 {[%emt 0:05:22]} 23. d6 {[%emt 0:08:59]} Nxd6 {[%emt 0:00:37]} 24. Nxd6 {[%emt 0:00:09]} Qxd6 {[%emt 0:00:54]} 25. Qxd6 {[%emt 0:00:07]} cxd6 {[%emt 0:00:04]} 26. Rxd6 {[%emt 0:00:38]} Rxb4 {[%emt 0:00:21]} 27. Rxb6 {[%emt 0:01:20]} Rxb6 {[%emt 0:03:09]} 28. Bxb6 {[%emt 0:00:01]} Rd7 {[%emt 0:00:46]} 29. Be3 {[%emt 0:06:06]} Rc7 {[%emt 0:00:53]} 30. c5 {[%emt 0:02:22]} Bf8 {[%emt 0:00:43]} 31. Rc1 {[%emt 0:00:18]} Be4 {[%emt 0:00:15]} 32. Kg1 {[%emt 0:00:52]} Kg7 {[%emt 0:00:30]} 33. Kf2 {[%emt 0:00:17]} Be7 {[%emt 0:00:20]} 34. Kg3 {[%emt 0:03:20]} Bf8 {[%emt 0:00:48]} 35. Bf3 {[%emt 0:00:20]} Bxf3 {[%emt 0:00:21]} 36. Kxf3 {[%emt 0:00:05]} Kf6 {[%emt 0:00:05]} 37. Ke4 {[%emt 0:00:26]} Ke6 {[%emt 0:00:05]} 38. Rc4 {[%emt 0:00:56]} Rc6 {[%emt 0:00:09]} 39. Rb4 {[%emt 0:05:22]} Bxc5 {[%emt 0:02:06]} 40. Rc4 {[%emt 0:00:00]} Kd6 {[%emt 0:00:00]} 41. Bxc5+ {[%emt 0:00:14]} Rxc5 {[%emt 0:00:08]} 42. Rxc5 {[%emt 0:00:04]} Kxc5 {[%emt 0:00:04]} 43. Kxe5 {[%emt 0:00:14]} Kc6 {[%emt 0:01:50]} 44. Kf6 {[%emt 0:03:22]} Kd6 {[%emt 0:00:42]} 45. Kg7 {[%emt 0:00:46]} Ke6 {[%emt 0:02:00]} 46. Kxh7 {[%emt 0:00:45]} Kf6 {[%emt 0:01:48]} 47. g4 {[%emt 0:01:38]} Kg5 {[%emt 0:03:05]} 48. h3 {[%emt 0:00:06]} Kf6 {[%emt 0:02:34]} 49. Kh6 {[%emt 0:00:13]} 1-0

[Event "POL-chT 2nd League-3 2020"]
[Site "Poronin"]
[Date "2020.09.10"]
[Round "6.13"]
[White "Niekras, Dawid"]
[Black "Sopur, Lech"]
[Result "0-1"]
[WhiteElo "2329"]
[BlackElo "2412"]
[Annotator "TA"]
[PlyCount "92"]
[EventDate "2020.09.05"]
[EventType "team-tourn"]
[EventCountry "POL"]
[SourceTitle "playchess.com"]
[Source "ChessBase"]
[SourceQuality "1"]

{[%evp 9,92,0,0,4,30,54,69,47,60,64,72,26,35,6,6,-31,0,-18,0,0,0,0,32,11,31,14,15,20,10,0,16,18,52,48,181,193,182,169,287,202,196,84,455,454,443,267,264,270,272,274,250,188,192,23,27,27,20,27,40,18,640,152,317,313,282,65,62,0,0,-471,-471,-536,-535,-507,-485,-416,0,-5119,-5031,-29981,-29982,-29982,-29982,-29993,-29994]} 1. e4 e5 2. Nf3 Nc6 {[%cal Bb8c6,Bc6e7,Be7g6][%mdl 32]} 3. Bb5 Nf6 4. d4 Nxe4 5. d5 Ne7 6. Nxe5 {[#] C65: Ruy Lopez: Berlin Defence (3...Nf6), unusual lines and 4 0-0 Bc5.} Nd6 $146 (6... c6 {with more complications.} 7. O-O cxb5 8. d6 Qb6 9. dxe7 Bxe7 10. Qd5 Qe6) ({Predecessor:} 6... Ng6 7. Qe2 Qe7 8. Qxe4 Qxe5 9. Qxe5+ Nxe5 10. Bf4 f6 11. Ba4 b6 12. Nd2 Bb7 {1-0 (32) Kostecka,M (1699)-Nawrocka,E (1115) Poland 2016}) 7. Bd3 Ng6 8. f4 {White is slightly better.} Be7 9. O-O O-O 10. Nd2 c6 11. Ndf3 cxd5 12. Bxg6 hxg6 13. Qxd5 {Nxg6 is the strong threat.} Ne8 14. Be3 Nc7 15. Qb3 d5 16. Rad1 Qe8 17. Nd4 f6 18. Nef3 Qf7 19. Rfe1 Rd8 20. Qd3 Bd7 21. Nh4 Be8 (21... Bc5 $14) 22. f5 $1 $18 {[%cal Rf5g6]} gxf5 23. Nhxf5 (23. Ndxf5 $6 Bf8 $14) 23... Bc5 (23... Rd7 $142 24. Nxe7+ Qxe7) 24. Kh1 Bd7 25. Bf4 (25. Bg1 $18 Rdc8 26. Qg3) 25... Bxd4 $4 {[%mdl 8192]} (25... Bxf5 $16 26. Nxf5 (26. Qxf5 Re8 $14) 26... Ne6) 26. Ne7+ (26. Nxd4 Ne6 $11) (26. Bxc7 Bxf5 27. Qxf5 Re8 $11) 26... Kf8 27. Ng6+ Kg8 {aiming for ...Ne6.} 28. Re7 $1 {[%cal Re7f7]} (28. Qxd4 Ne6 $11) ({Weaker is} 28. Bxc7 Re8 $14) 28... Ne6 29. Rxf7 Kxf7 30. c3 Bb6 {With the idea ...Nc5.} 31. Rf1 $2 (31. b4 $18) 31... Nc5 $11 32. Ne5+ Kg8 33. Qg6 Be8 34. Qf5 {Black must now prevent Bh6!} Bb5 $2 {[%mdl 8192] [#]} (34... fxe5 $11 35. Bxe5 Rd7) 35. Rf3 $2 (35. Bh6 $1 $18 {[%mdl 512] is the precise move to win.} Re8 (35... gxh6 36. Qg6+) 36. Ng4 $1 {[%mdl 512]} (36. Qg6 Re7 $16)) 35... fxe5 $2 (35... Re8 $16) 36. Bxe5 $18 {White wants to mate with Qf7+.} Rd7 {Strongly threatening ...Bd3!} 37. b4 $2 (37. Rh3 $18 {Qh7+ would kill now.} Bd3 38. Qh5 (38. Rxd3 $2 Rf8 $19)) 37... Bd3 $1 $14 {[%cal Rd3f5]} 38. Qg4 (38. Qh5 $1 $14 Ne4 39. Bxg7 Nf2+ 40. Rxf2 Bxf2 41. Bf6) 38... Re7 $11 39. bxc5 $4 {[%mdl 8192]} (39. Bg3 $11 {and White has nothing to worry.} Rae8 40. h3 (40. bxc5 $2 {leads to mate.} Re1+ {[%mdl 64] Back Rank} 41. Bxe1 Rxe1+ 42. Rf1 Rxf1#)) 39... Rxe5 $19 40. g3 Be4 41. cxb6 {[#]} Rf8 $1 {[%mdl 64] Pin} 42. bxa7 {Threatens to win with Qxe4!} Ree8 $2 $40 {[%mdl 128] White needs to defend precisely.} ({Black should play} 42... Rxf3 $19 {[%cal Rf3f1]} 43. a8=Q+ Rf8+ 44. Qxe4 dxe4) 43. Kg1 $2 {[%mdl 8192]} (43. a8=Q $11 Rxa8 44. Qe6+ Kh7 45. Qh3+ Kg8 46. Qe6+ Kh7 47. Qh3+ Kg8 48. Qe6+) 43... Bxf3 44. Qd4 Re1+ {Black mates.} 45. Kf2 Re2+ {[%mdl 64] Double Attack} 46. Kg1 Be4 {Accuracy: White = 49%, Black = 61%.} 0-1

[Event "POL-chT 2nd League-3 2020"]
[Site "Poronin"]
[Date "2020.09.10"]
[Round "6.14"]
[White "Strzelecki, Jerzy"]
[Black "Zakrzewski, Marek"]
[Result "0-1"]
[WhiteElo "1946"]
[BlackElo "2267"]
[Annotator "TA"]
[PlyCount "100"]
[EventDate "2020.09.05"]
[EventType "team-tourn"]
[EventCountry "POL"]
[SourceTitle "playchess.com"]
[Source "ChessBase"]
[SourceQuality "1"]

{[%evp 13,100,14,29,14,24,12,45,11,14,0,0,0,0,0,0,0,0,0,0,0,0,0,6,6,6,0,12,0,29,26,28,30,35,0,0,-2,0,0,0,-3,0,0,0,0,0,0,0,0,0,-20,-17,-15,-9,-9,-17,-13,-13,-12,0,-35,-14,-176,-70,-187,-149,-239,-231,-265,-265,-380,-374,-334,-318,-311,-300,-510,-485,-497,-551,-529,-499,-722,-710,-702,-693,-828,-800,-798,-768]} 1. Nf3 d5 2. d4 Nf6 3. c4 c6 4. e3 e6 5. Bd3 dxc4 6. Bxc4 Nbd7 7. O-O Bd6 {The main line 7...Bd6 scores better than 7...b5.} 8. b3 {D30: Queen's Gambit Declined: Systems without Nc3.} e5 9. Bb2 {[%cal Rd4e5]} (9. Qc2 {keeps more tension.} exd4 10. Nxd4 O-O 11. Nd2 Re8 12. Bb2) 9... Qc7 (9... e4 {feels hotter.} 10. Ng5 O-O 11. Nd2 Nb6 12. Ndxe4 Nxe4 13. Nxe4 Nxc4 14. bxc4 Bxh2+ 15. Kxh2 Qh4+) 10. dxe5 {White is slightly better.} Nxe5 11. Nxe5 Bxe5 12. Bxe5 Qxe5 13. Nd2 O-O 14. Nf3 Qe7 15. Qc2 Bg4 {[#]} 16. Be2 $146 ({Predecessor:} 16. Rfd1 Bxf3 17. gxf3 Rfd8 18. a4 a5 19. Rxd8+ Rxd8 20. Rd1 g6 21. Rxd8+ Qxd8 22. Kg2 {0-1 (45) Johansson,G (2223)-Pijpers,A (2433) Leiden 2015}) 16... Rad8 17. Rfd1 Nd5 18. h3 Bh5 19. Rac1 Rd7 20. Qf5 Bg6 21. Qe5 Rfd8 22. Qxe7 Nxe7 23. Ne5 (23. Rxd7 {is interesting.} Rxd7 24. g4 h5 25. a3 hxg4 26. hxg4 Rd8 27. b4) 23... Rxd1+ 24. Rxd1 Rxd1+ 25. Bxd1 $11 {[%mdl 4096] Endgame KBN-KBN} Bb1 26. a3 f6 27. Nc4 b6 28. b4 Kf7 29. Bb3 {Hoping for Nd2+.} Ke8 30. Nd2 Bd3 31. f4 Nf5 32. Bc4 Bxc4 33. Nxc4 {KN-KN} b5 34. Na5 c5 35. Kf2 $1 c4 36. Ke2 Kd7 37. Kd2 $2 {[#]} (37. Nb7 $1 $11) 37... Kc7 (37... Ng3 $1 $19 38. Kc3 Kc7) 38. g4 ({Better is} 38. e4 $1 $15 Nd4 39. Ke3) 38... Nd6 39. Kc3 {[#]} (39. Ke2 $17) 39... Ne4+ $1 $19 40. Kd4 Nf2 41. h4 (41. Kd5 {keeps fighting.}) 41... Nxg4 42. e4 Nh2 43. Ke3 g6 44. Kf2 $2 (44. a4 bxa4 45. Nxc4) 44... Ng4+ {Black is clearly winning.} 45. Kf3 h5 46. Ke2 a6 47. Kf3 (47. a4 $142 Kb6 48. Kd2) 47... Nh6 48. Ke3 Nf7 49. Kf3 Nd8 50. Ke3 Nc6 {Accuracy: White = 63%, Black = 92%.} 0-1

[Event "POL-chT 2nd League-3 2020"]
[Site "Poronin"]
[Date "2020.09.10"]
[Round "6.15"]
[White "Bajerlein, Dawid"]
[Black "Flis, Pawel"]
[Result "1-0"]
[WhiteElo "2037"]
[BlackElo "1864"]
[Annotator "TA"]
[PlyCount "81"]
[EventDate "2020.09.05"]
[EventType "team-tourn"]
[EventCountry "POL"]
[SourceTitle "playchess.com"]
[Source "ChessBase"]
[SourceQuality "1"]

{[%evp 17,81,21,71,-8,49,53,56,52,76,76,75,67,72,68,74,54,86,68,78,60,65,48,97,63,66,54,136,115,119,143,184,180,217,209,200,219,453,451,491,362,405,249,201,3,313,226,207,177,472,464,440,117,95,92,1793,1778,1728,1720,2155,2076,12841,12842,29990,29991,29991,29992]} 1. d4 Nf6 2. c4 g6 3. Nc3 Bg7 4. g3 O-O 5. Bg2 d6 6. Nf3 Nc6 7. O-O a6 8. h3 Rb8 9. e4 $1 {The main line 9.e4 scores better than 9.Be3.} e5 10. Re1 {[#] E63: King's Indian: Fianchetto: Panno Variation with 7...a6.} (10. d5 $16 Ne7 11. a4) 10... Nd7 $146 (10... Nxd4 $11 11. Nxd4 exd4 12. Qxd4 Be6) ({Predecessor:} 10... exd4 11. Nxd4 Nxd4 12. Qxd4 b5 13. cxb5 axb5 14. a4 b4 15. Nb5 Be6 16. Qa7 c6 17. Nd4 Qd7 18. Qxd7 Bxd7 {0-1 (38) Ginting,N (2395)-Istratescu,A (2515) Moscow 1994}) 11. Bg5 $14 Bf6 12. Bxf6 {White is slightly better.} Nxf6 13. d5 Ne7 14. c5 Ne8 15. Qd2 Kg7 16. Rac1 Bd7 17. b4 h6 18. a4 f5 19. Qd3 Ng8 20. b5 axb5 21. axb5 Ngf6 ({Black should play} 21... fxe4 $14 22. Qxe4 (22. Nxe4 b6 $14) 22... b6) 22. b6 $1 $16 fxe4 23. Nxe4 Nxe4 24. bxc7 (24. Rxe4 Nf6 $11) 24... Nxc7 25. Qxe4 ({Inferior is} 25. Rxe4 Bf5 $14) 25... Bf5 26. Qc4 dxc5 $2 (26... Ne8 27. g4 Bd7) 27. Nxe5 $18 Na6 28. Qb5 Qd6 29. Nc4 Qf6 30. Qb6 $2 (30. Re3 $18) 30... Qd4 $2 {[%mdl 8192]} (30... Qxb6 $11 31. Nxb6 Rf6) 31. Red1 Bd3 32. Ne3 $36 {[%mdl 2048] Threatens to win with Rc4! White is in control.} Rxf2 $2 (32... Qb4 33. Qxb4 Nxb4) 33. Kxf2 {aiming for Rc4!} Rf8+ {[#]} 34. Bf3 $2 (34. Kg1 $1 $18 {is the precise move to win.}) 34... Qe4 $16 {[#]} 35. Qb2+ $1 ({Don't play} 35. Qxb7+ $6 Kg8 $11) 35... Qd4 $2 {[%mdl 8192]} (35... Kg8 $16 36. Ng2 (36. Rxd3 $2 Rxf3+ 37. Kg1 Qxd3 $17) 36... Qxf3+ 37. Kg1 c4) 36. Qxd4+ $18 cxd4 37. Rxd3 dxe3+ 38. Rxe3 b5 39. Re7+ Kh8 40. d6 Nb4 41. Ke2 {Accuracy: White = 61%, Black = 38%.} 1-0

[Event "POL-chT 2nd League-3 2020"]
[Site "Poronin"]
[Date "2020.09.10"]
[Round "6.16"]
[White "Gradowski, Jacek"]
[Black "Hemmerling, Jaroslaw"]
[Result "1/2-1/2"]
[WhiteElo "2073"]
[BlackElo "1938"]
[Annotator "TA"]
[PlyCount "54"]
[EventDate "2020.09.05"]
[EventType "team-tourn"]
[EventCountry "POL"]
[SourceTitle "playchess.com"]
[Source "ChessBase"]
[SourceQuality "1"]

{[%evp 20,54,0,-5,-2,-6,11,4,10,0,0,0,0,0,8,6,6,7,43,0,13,3,23,8,8,8,35,30,23,30,13,14,31,8,9,15,20]} 1. d4 d5 2. c4 e6 3. Nc3 Nf6 4. Bg5 Be7 5. e3 O-O 6. Nf3 h6 7. Bh4 Ne4 8. Bxe7 Qxe7 9. Bd3 Nxc3 10. bxc3 dxc4 11. Bxc4 b6 {D56: Queen's Gambit Declined: Lasker Defence.} 12. O-O Nd7 13. Qe2 Bb7 14. Ba6 Bxa6 15. Qxa6 c5 16. a4 {[%cal Ba2a4,Ba4a5][%mdl 32]} Rfc8 17. a5 Qd8 {[#]} 18. h3 $146 ({Predecessor:} 18. Rfb1 g6 19. h3 Kg7 20. Rb2 cxd4 21. cxd4 Qc7 22. Rba2 Rab8 23. Qb5 bxa5 24. Qxa5 {1-0 (60) Miranda Neto,J (2111)-Juliano,J (1957) Florianopolis 2017}) 18... Qc7 19. Rfb1 Qc6 20. Ra2 Qd5 21. Rab2 cxd4 22. cxd4 Qxa5 23. Qxa5 bxa5 24. Ra2 Rab8 25. Rba1 Rb5 26. Rxa5 Rxa5 27. Rxa5 Rc1+ {A rather calm draw. Accuracy: White = 92%, Black = 86%.} 1/2-1/2

[Event "POL-chT 2nd League-3 2020"]
[Site "Poronin"]
[Date "2020.09.10"]
[Round "6.17"]
[White "Glatty, Zbigniew"]
[Black "Kelm, Robert"]
[Result "0-1"]
[WhiteElo "1857"]
[BlackElo "1613"]
[Annotator "NA RC"]
[PlyCount "120"]
[EventDate "2020.09.05"]
[EventType "team-tourn"]
[EventCountry "POL"]
[SourceTitle "playchess.com"]
[Source "ChessBase"]
[SourceQuality "1"]
[TimeControl "40/5400+30:900+30"]

1. e4 {[%emt 0:00:00]} c5 {[%emt 0:00:31]} 2. Nf3 {[%emt 0:00:00]} e6 {[%emt 0:00:10]} 3. d4 {[%emt 0:00:00]} cxd4 {[%emt 0:00:07]} 4. Nxd4 {[%emt 0:00:00]} Nf6 {[%emt 0:00:07]} 5. Nc3 {[%emt 0:00:00]} d6 {[%emt 0:00:06]} 6. Be2 {[%emt 0:00:04]} Nc6 {[%emt 0:01:05]} 7. O-O {[%emt 0:01:31]} Be7 {[%emt 0:01:24]} 8. Kh1 {[%emt 0:00:10]} e5 {[%emt 0:06:09]} 9. Nb3 {[%emt 0:01:58]} Be6 {[%emt 0:03:20]} 10. Bf3 {[%emt 0:01:30]} a5 {[%emt 0:00:55]} 11. a4 {[%emt 0:13:29]} O-O {[%emt 0:01:04]} 12. Nd5 {[%emt 0:01:10]} Bxd5 {[%emt 0:14:47]} 13. exd5 {[%emt 0:00:09]} Nb8 {[%emt 0:00:05]} 14. c4 {[%emt 0:04:19]} Nbd7 {[%emt 0:02:04]} 15. Be2 {[%emt 0:14:51]} Ne4 {[%emt 0:09:15]} 16. Bd3 {[%emt 0:06:43]} Nec5 {[%emt 0:00:46]} 17. Be3 {[%emt 0:13:04]} b6 {[%emt 0:07:01]} 18. f4 {[%emt 0:05:32]} Nxb3 {[%emt 0:18:41]} 19. Qxb3 {[%emt 0:00:03]} exf4 {[%emt 0:00:06]} 20. Bxf4 {[%emt 0:01:24]} Nc5 {[%emt 0:01:39]} 21. Qd1 {[%emt 0:02:07]} Bf6 {[%emt 0:05:21]} 22. Ra2 {[%emt 0:03:17]} Ra7 {[%emt 0:00:49]} 23. b3 {[%emt 0:02:29]} g6 {[%emt 0:00:21]} 24. Raf2 {[%emt 0:01:11]} Bg7 {[%emt 0:00:05]} 25. Bc2 {[%emt 0:01:17]} Re8 {[%emt 0:07:26]} 26. Re1 {[%emt 0:01:24]} Be5 {[%emt 0:06:57]} 27. Rfe2 {[%emt 0:16:21]} f6 {[%emt 0:02:13]} 28. Rf1 {[%emt 0:03:32]} Bxf4 {[%emt 0:02:45]} 29. Rxf4 {[%emt 0:00:11]} Rae7 {[%emt 0:00:39]} 30. Rff2 {[%emt 0:00:38]} Re5 {[%emt 0:00:29]} 31. Kg1 {[%emt 0:01:20]} f5 {[%emt 0:01:44]} 32. g3 {[%emt 0:02:38]} Kg7 {[%emt 0:01:28]} 33. Qd2 {[%emt 0:00:48]} Qe7 {[%emt 0:01:04]} 34. Kf1 {[%emt 0:01:02]} Rxe2 {[%emt 0:01:10]} 35. Rxe2 {[%emt 0:00:06]} Qxe2+ {[%emt 0:00:05]} 36. Qxe2 {[%emt 0:00:04]} Rxe2 {[%emt 0:00:08]} 37. Kxe2 {[%emt 0:00:03]} Kf6 {[%emt 0:00:06]} 38. Ke3 {[%emt 0:01:11]} Ke5 {[%emt 0:00:17]} 39. Bd1 {[%emt 0:00:46]} Nd7 {[%emt 0:01:03]} 40. Be2 {[%emt 0:00:00]} Nc5 {[%emt 0:00:00]} 41. Bd1 {[%emt 0:01:53]} g5 {[%emt 0:00:34]} 42. Bc2 {[%emt 0:00:30]} Nb7 {[%emt 0:03:48]} 43. Bb1 {[%emt 0:00:55]} Nd8 {[%emt 0:00:07]} 44. Bc2 {[%emt 0:00:32]} h6 {[%emt 0:00:54]} 45. Bd1 {[%emt 0:01:38]} g4 {[%emt 0:01:05]} 46. Bc2 {[%emt 0:00:54]} Nf7 {[%emt 0:00:08]} 47. Bd3 {[%emt 0:04:01]} Ng5 {[%emt 0:00:51]} 48. Be2 {[%emt 0:00:35]} Nh3 {[%emt 0:02:39]} 49. Bf1 {[%emt 0:02:33]} f4+ {[%emt 0:03:38]} 50. Kd3 {[%emt 0:04:37]} fxg3 {[%emt 0:02:12]} 51. hxg3 {[%emt 0:00:21]} Nf2+ {[%emt 0:00:10]} 52. Ke3 {[%emt 0:01:19]} Nh1 {[%emt 0:00:30]} 53. Be2 {[%emt 0:00:32]} h5 {[%emt 0:00:09]} 54. Kd3 {[%emt 0:02:22]} Nxg3 {[%emt 0:00:51]} 55. Bd1 {[%emt 0:00:25]} Ne4 {[%emt 0:00:19]} 56. Ke3 {[%emt 0:00:18]} Nf6 {[%emt 0:01:20]} 57. Be2 {[%emt 0:01:17]} h4 {[%emt 0:00:20]} 58. Kd3 {[%emt 0:00:41]} h3 {[%emt 0:00:19]} 59. Bf1 {[%emt 0:00:14]} Nh5 {[%emt 0:00:07]} 60. Ke3 {[%emt 0:00:32]} Ng3 {[%emt 0:00:48]} 0-1

[Event "POL-chT 2nd League-3 2020"]
[Site "Poronin"]
[Date "2020.09.10"]
[Round "6.18"]
[White "Szmacinska, Grazyna"]
[Black "Kostecka, Marika"]
[Result "1/2-1/2"]
[WhiteElo "2051"]
[BlackElo "1917"]
[Annotator "TA"]
[PlyCount "89"]
[EventDate "2020.09.05"]
[EventType "team-tourn"]
[EventCountry "POL"]
[SourceTitle "playchess.com"]
[Source "ChessBase"]
[SourceQuality "1"]

{[%evp 15,89,0,38,44,45,28,20,22,102,89,83,47,50,54,53,52,63,53,52,34,59,23,65,0,42,32,55,40,52,57,139,129,181,112,114,50,82,54,153,131,142,109,117,106,106,67,70,38,60,58,72,0,15,-126,103,0,0,-9,-6,-7,0,0,0,0,0,0,0,0,0,0,0,0,0,0,0,-203]} 1. Nf3 Nf6 2. c4 g6 3. Nc3 Bg7 4. g3 d6 5. d3 O-O 6. Bg2 Nbd7 7. O-O e5 8. Rb1 Nh5 9. e4 {[#] A24: English Opening vs King's Indian: Lines without ...Nc6.} Re8 $146 ({Predecessor:} 9... c6 10. b4 Qe8 11. b5 Nc5 12. bxc6 bxc6 13. Ba3 Bg4 14. Na4 Qe7 15. h3 Bxf3 16. Bxf3 Nxa4 17. Qxa4 c5 18. Bxh5 {½-½ (18) Nikolic,D (2239)-Nestorovic,L (2384) Vrnjacka Banja 2012}) 10. b4 Nf8 11. Bg5 f6 (11... Nf6 $11 {remains equal.}) 12. Be3 $16 f5 13. Bg5 Bf6 14. Bxf6 Nxf6 15. exf5 gxf5 16. Qd2 Ng6 17. Ng5 c6 18. d4 e4 19. Nh3 (19. b5 $14) 19... d5 20. c5 Kg7 21. Rfe1 Qc7 22. Ne2 e3 (22... Qe7 $14) 23. fxe3 Ne4 (23... b5 $16 {was necessary.} 24. cxb6 axb6) 24. Bxe4 (24. Qc2 $18) 24... fxe4 25. Nf2 (25. Nef4 $16) 25... Bf5 26. b5 Nf8 ({Black should try} 26... Kh8 $14) 27. Nf4 Ne6 28. Nxe6+ Rxe6 29. bxc6 bxc6 30. Qb4 Re7 31. Rb2 Rg8 32. Reb1 Kh8 {[#]} 33. Kf1 ({White should play} 33. Nh1 $1 $16) 33... Bc8 34. Ke1 (34. Kg2 $11) 34... Ba6 $2 {[#]} (34... Rf8 $17 35. Kf1 Rg7) 35. Kd2 (35. Nh3 $1 $16) 35... Rf7 $11 {The position is equal.} 36. Kc3 Qd7 37. Qa5 Bc4 38. Nd1 Qh3 39. Rb8 {Rxg8+ would kill now.} Qf1 ({Stronger than} 39... Qxh2 40. Rxg8+ Kxg8 41. Qd8+ (41. Rb8+ Rf8 $16) 41... Rf8 42. Qg5+ Kh8 43. Rb7 Qc2+ 44. Kxc2 Bb3+ 45. Kxb3 Rg8 46. Qf6+ {[%mdl 64] Double Attack} Rg7 47. Qxg7#) 40. Rxg8+ Kxg8 41. Qd8+ ({Don't go for} 41. Rb8+ $2 Kg7 $19) 41... Rf8 42. Qg5+ Kh8 43. Qe5+ Kg8 44. Qg5+ Kh8 {( -> ...Qd3+)} 45. Nf2 $2 {Accuracy: White = 62%, Black = 61%.} (45. Qe5+ $11 Kg8 46. Qg5+) 1/2-1/2